01155cam a22003015a 4500999001300000003000900013005001700022008004100039020001500080020001800095040004300113082001900156100005200175245008000227264003300307300002900340336002600369337002800395338002700423490001800450590001700468650004000485651006800525653002500593655002400618942002100642952019000663 c238d238EG-ScBUE20210321092250.0150827s2002 le f 000 1 eng d a9953330379 a9789953330372 aEG-ScBUEbengerdacEG-ScBUEdEG-ScBUE04a823.8bDIC2221 aDickens, Charles,‏ d1812-1870,eauthor.10aDavid Copperfield :bwith an introduction and summaries /cCharles Dickens. 1aBeirut :bYork Press,c2002. axv, 814 pages ; c18 cm. 2rdacontentatextbtxt 2rdamediaaunmediatedbn 2rdacarrieravolumebnc0 aYork classics adoaa mohamed 7aYoung menzEnglandvFiction.2BUEsh 7aEnglandxSocial life and customsy19th centuryvFiction.2BUEsh cAugust2015bHHUUEENN vReading book934232 cBBk823 DIC2ddc 00102ddc40708BaccahaMAINbMAINcGroup Study Roomsd2016-02-06ePurchasel3o823.8 DICp000004448r2025-07-15 00:00:00s2024-03-03v36.00w2006-02-16yBBzRoom (A) - Charles Dickens